000 00351nam a2200133Ia 4500
008 240624s9999 xx 000 0 und d
041 _aeng
082 _a658.4012 MAZ
100 _aMAZZAROL TIM
245 _aSTRATEGY OF SMALL FIRMS STRATEGIC MANAGE
260 _c2009
_aUnited Kingdom
_bEdward Elgar
300 _avi, 384 p.; 23 cm.
365 _c
_b38
999 _c30711
_d30711